Hồ Chủ Tịch : Hình ảnh của dân tộc /
Guardado en:
| Autor principal: | |
|---|---|
| Formato: | Artículo |
| Lenguaje: | Vietnamese |
| Materias: | |
| Etiquetas: |
Agregar Etiqueta
Sin Etiquetas, Sea el primero en etiquetar este registro!
|
| Thư viện lưu trữ: | Thư viện Trường Đại học Đà Lạt |
|---|
| LEADER | 00756nam a2200265 4500 | ||
|---|---|---|---|
| 001 | DLU090068026 | ||
| 005 | ##20090416 | ||
| 040 | # | # | |a DLU |b vie |
| 041 | # | # | |a vie |
| 044 | # | # | |a vn |
| 100 | # | # | |a Phạm Văn Đồng. |
| 245 | # | # | |a Hồ Chủ Tịch : |b Hình ảnh của dân tộc / |c Phạm Văn Đồng. |
| 653 | # | # | |a Lãnh tụ |
| 653 | # | # | |a Nguyên thủ quốc gia |
| 653 | # | # | |a Nhà văn hoá học |
| 773 | # | # | |t Tạp chí văn học |g Số5 (339), 2000, tr. 3-6 |
| 920 | # | # | |a Phòng Tạp chí -- Trung tâm Thông tin - Thư viện Trường Đại học Đà Lạt |
| 994 | # | # | |a DLU |
| 900 | # | # | |a True |
| 911 | # | # | |a Nguyễn Thị Linh Chi |
| 925 | # | # | |a G |
| 926 | # | # | |a A |
| 927 | # | # | |a BB |
| 980 | # | # | |a Thư viện Trường Đại học Đà Lạt |